000 00618nam a2200241Ia 4500
003 OSt
005 20220918181724.0
006 a|||||r|||| 00| 0
007 ta
008 220917b |||||||| |||| 00| 0 eng d
024 _a28,241
037 _cTextual
040 _aARTS
_cARTS
_beng
041 _2eng
_aeng
082 _aO111,1NRA3,1, L6
100 _aRay Lila
_959103
245 0 _aAlive and dying
260 _aCalcutta
_bUnited writers
_c1976
300 _a38p.
_ccm.
650 _aENGLISH LITERATURE
942 _hO111,1NRA3,1, L6
_cTEXL
_2CC
999 _c166585
_d166585